000
00233nam a2200097Ia 4500
005
20251222114352.0
008
251222s1900||||xx |||||||||||||| ||spa||
082
_a
DVD0093/V31N/T.1
245
0
_a
Escuela de padres: niƱos 1:
942
_c
DVD
999
_c
1278
_d
1278